LEADER 01768nam 2200445 a 450 001 9910694863203321 005 20060308105917.0 035 $a(CKB)5470000002365077 035 $a(OCoLC)64574287 035 $a(EXLCZ)995470000002365077 100 $a20060308d2005 ua 0 101 0 $aeng 135 $aurmn|---||||| 181 $ctxt$2rdacontent 182 $cc$2rdamedia 183 $acr$2rdacarrier 200 10$aBorder security$b[electronic resource] $emore emphasis on State's consular safeguards could mitigate visa malfeasance risks : report to the Chairman, Committee on the Judiciary, House of Representatives 210 1$a[Washington, D.C.] :$cU.S. Government Accountability Office,$d[2005] 215 $ai, 39 pages $cdigital, PDF file 300 $aTitle from title screen (viewed on Jan. 18, 2006). 300 $a"October 2005." 300 $aPaper version available from: U.S. Government Accountability Office, 441 G St., NW, Rm. LM, Washington, D.C. 20548. 300 $a"GAO-06-115." 320 $aIncludes bibliographical references. 517 $aBorder security 606 $aVisas$xGovernment policy$zUnited States 606 $aBribery$xPrevention 606 $aDiplomatic and consular service, American$xOfficials and employees$xDiscipline 606 $aNational security$zUnited States 615 0$aVisas$xGovernment policy 615 0$aBribery$xPrevention. 615 0$aDiplomatic and consular service, American$xOfficials and employees$xDiscipline. 615 0$aNational security 712 02$aUnited States.$bCongress.$bHouse.$bCommittee on the Judiciary. 801 0$bGPO 801 1$bGPO 906 $aBOOK 912 $a9910694863203321 996 $aBorder security$93423087 997 $aUNINA LEADER 01794oam 2200457 450 001 9910136585403321 005 20190911112717.0 010 $a979-82-16-04336-2 010 $a1-59884-837-2 035 $a(OCoLC)965735751 035 $a(MiFhGG)GVRL9JOY 035 $a(EXLCZ)993710000000907927 100 $a20160523h20172017 uy 0 101 0 $aeng 135 $aurun|---uuuua 181 $2rdacontent 182 $2rdamedia 183 $2rdacarrier 200 00$aEncyclopedia of African colonial conflicts /$fTimothy J. Stapleton, editor 210 1$aSanta Barbara, California :$cABC-CLIO, an imprint of ABC-CLIO, LLC,$d[2017] 210 4$d?2017 215 $a1 online resource (2 volumes (xxviii, 787 pages)) $cillustrations, maps, portraits 225 0 $aGale eBooks 311 $a1-59884-836-4 320 $aIncludes bibliographical references and index. 327 $aVolume 1. A-H -- Volume 2. I-Z. 330 $aThis encyclopedia introduces the history of colonial wars in Africa and illustrates why African countries like the Democratic Republic of Congo, Nigeria, Somalia, and Sudan continue to experience ethnic, political, and religious violence in the early 21st century. 606 $aColonies$zAfrica$xHistory$vEncyclopedias 607 $aAfrica$xColonization$xHistory$vEncyclopedias 607 $aEurope$xColonies$zAfrica$xHistory$vEncyclopedias 607 $aAfrica$xHistory, Military$vEncyclopedias 607 $aAfrica$vBiography$vEncyclopedias 615 0$aColonies$xHistory 676 $a960.03 702 $aStapleton$b Timothy J$g(Timothy Joseph),$f1967- 801 0$bMiFhGG 801 1$bMiFhGG 906 $aBOOK 912 $a9910136585403321 996 $aEncyclopedia of African colonial conflicts$92889558 997 $aUNINA